[Event "XII Americas Continental-ch 2017"]
[Site "Medellin"]
[Date "2017.06.14"]
[Round "6"]
[White "Vasquez Schroeder, Rodrigo"]
[Black "Fernandez Reyes, Lisandro"]
[Result "1-0"]
[WhiteElo "2553"]
[BlackElo "2402"]
[Annotator "TA"]
[PlyCount "125"]
[EventDate "2017.??.??"]
[EventType "swiss"]
[EventCountry "COL"]
[SourceTitle "playchess.com"]
[Source "ChessBase"]
[SourceQuality "1"]

{[%evp 20,125,85,57,62,54,50,45,61,64,72,57,96,84,94,52,46,49,58,58,60,60,73,29,106,97,142,127,153,139,122,113,146,137,208,200,184,63,58,49,73,63,84,83,79,74,206,222,206,195,203,98,101,85,89,104,210,197,270,277,269,265,260,201,195,200,188,188,159,156,228,204,383,365,386,385,397,394,392,386,398,387,521,516,502,509,498,486,485,473,622,619,1094,600,930,885,796,370,392,339,804,460,614,608,910,851,1055,1004]} 1. e4 Nf6 {[%cal Bg8f6,Bf6d5,Bd5b6][%mdl 32]} 2. e5 Nd5 3. d4 d6 4. Nf3 g6 5. Bc4 Nb6 6. Bb3 Bg7 7. Qe2 d5 {B04: Alekhine's Defence: 4 Nf3} (7... O-O 8. h3 Nc6 9. O-O dxe5 10. dxe5 Nd4 11. Nxd4 Qxd4 12. Re1 Be6 13. Nd2 Bxb3 14. axb3 a6 15. Nf3 Qd5 16. Bg5 Rfe8 17. Rad1 {1-0 (45) Zhigalko,S (2655)-Tukhaev,A (2564) Minsk 2015}) 8. h3 a5 9. a4 O-O 10. O-O Na6 11. Be3 {LiveBook: 3 Games} c6 12. Ne1 $146 ({Predecessor:} 12. Na3 Nc7 13. Rad1 f6 14. Qd2 Be6 15. Qe2 Nd7 16. Rfe1 Bf7 17. Bf4 Ne6 18. Bh2 Qb6 19. Qd3 Qb4 20. Re2 f5 21. Rde1 Rfd8 22. Qd1 Qb6 23. c3 Rac8 {½-½ (23) Tari,A (2509)-Rozentalis,E (2549) Fagernes 2015}) 12... f6 13. f4 Be6 14. Nd2 {[%cal Bb1d2,Bd2e4,Be4g5,Bg5f3,Bf3h4][%mdl 32]} fxe5 15. dxe5 c5 16. c3 Qd7 17. Qb5 Qc6 18. Ne4 $36 {[%mdl 2048] Black is under pressure.} Rac8 19. Ng5 Bd7 20. Qe2 Nc7 21. Kh2 h6 (21... Bh6 $11) 22. Ngf3 $16 Be6 23. Nh4 d4 24. Bxe6+ $1 ({Inferior is} 24. Nxg6 Rf7 $11) 24... Qxe6 25. cxd4 cxd4 26. Bxd4 Ncd5 (26... Rcd8 $16) 27. Nd3 $18 Rc4 28. Bxb6 (28. Qe4 $18) 28... Qxb6 $14 29. g3 Rfc8 {White must now prevent ...Rc2.} 30. Rfc1 g5 31. Ng2 gxf4 32. gxf4 Qd4 (32... e6 $16 {was necessary.}) 33. Rxc4 $18 Rxc4 34. Rd1 $1 Qb6 35. Rg1 (35. Nc1 $18 Rd4 36. Rxd4 Qxd4 37. Qd3 Qxd3 38. Nxd3) 35... Qc6 36. Qf3 {Strongly threatening Qg3.} Rc2 37. Kh1 Nb4 (37... e6 $16 {was worth a try.}) 38. Qxc6 Nxc6 (38... Rxc6 $142 39. Nxb4 axb4) 39. Ne3 Rd2 40. Nc5 $1 {[%cal Rc5e6]} Nd4 41. Rd1 ({Don't blunder} 41. Nxb7 $2 Rxb2 42. Nxa5 Nf3 $19) 41... Rxd1+ 42. Nxd1 {[%mdl 4096] Endgame KBN-KNN} b6 {[#]} 43. Nd3 $1 Kf7 44. Ne3 Kg6 (44... b5 $16) 45. Kg2 e6 $2 (45... h5 46. Kg1 Bf8) 46. Nc4 Bf8 47. Kf2 Kf5 {intending ...Ke4.} 48. Nd6+ Kg6 {[#]} 49. Ke3 $1 {[%cal Re3d4]} Nc6 50. Ke4 Kh5 51. f5 exf5+ 52. Nxf5 Kg6 53. Nf4+ Kf7 54. Nd4 Nd8 55. Kd5 Nb7 56. Nd3 Kg6 57. Ne6 Be7 58. Ke4 (58. Kc6 $142) 58... Kf7 59. Kf5 Bb4 $2 (59... Ke8 60. Nc7+ Kd7) 60. Nc7 {White is clearly winning.} Bd2 61. Nd5 b5 62. axb5 a4 63. Nb6 {Precision: White = 63%, Black = 35%.} 1-0

[Event "XII Americas Continental-ch 2017"]
[Site "Medellin"]
[Date "2017.06.14"]
[Round "6"]
[White "Erenburg, Sergey"]
[Black "Zapata, Alonso"]
[Result "1/2-1/2"]
[WhiteElo "2550"]
[BlackElo "2420"]
[Annotator "TA"]
[PlyCount "90"]
[EventDate "2017.??.??"]
[EventType "swiss"]
[EventCountry "COL"]
[SourceTitle "playchess.com"]
[Source "ChessBase"]
[SourceQuality "1"]

{[%evp 18,90,64,21,43,39,54,56,79,65,54,59,149,125,54,17,129,126,123,104,114,116,112,45,38,35,36,19,33,16,28,0,26,-58,-43,-41,-29,-59,-58,-64,-56,-58,-58,-54,-52,-56,-40,-82,-77,-107,-107,-187,-58,-128,-111,-120,-123,-118,-126,-126,-121,-127,-100,-118,-121,-118,-125,-139,-135,-178,-185,-194,-76,-96,0]} 1. e4 c5 2. Nf3 e6 3. d4 cxd4 4. Nxd4 Nc6 5. Nc3 Qc7 6. Be3 Nf6 7. f4 d6 8. Qf3 a6 9. O-O-O Bd7 10. Nb3 {LiveBook: 3 Games. B82: Sicilian Scheveningen: 6 f4} Rc8 11. Bd3 Nb4 12. Kb1 {White is slightly better.} b5 13. g4 {[%cal Bg2g4,Bg4g5][%mdl 32]} Bc6 14. g5 {[#]} Nxe4 $146 (14... Nxd3 $14 15. cxd3 (15. gxf6 Nxb2 16. Kxb2 gxf6 $16) 15... Nd7) ({Predecessor:} 14... Nd7 15. Qf2 g6 16. Rhf1 Bg7 17. f5 Ne5 {1-0 (39) Kramnik,V (2807)-Topalov,V (2743) Monte Carlo 2003}) 15. Bxe4 {Strongly threatening f5.} d5 16. Nxd5 (16. Bd3 d4 $17) 16... Bxd5 (16... exd5 $11 17. Bf5 d4) 17. c3 Bxe4+ 18. Qxe4 Qc6 19. Qd4 $1 Nd5 20. f5 ({White should try} 20. Rhe1 $16) 20... Nxe3 $14 21. Qxe3 Bc5 $1 {[%cal Rc5e3]} 22. Qh3 {And now g6! would win.} Qe4+ 23. Ka1 {Hoping for fxe6.} O-O {[%cal Bh8f8,Bf8d8,Bd8d7][%mdl 32]} 24. f6 Qg6 25. Qf3 (25. fxg7 $11 Qxg7 26. Qf1) 25... Qxg5 $15 26. fxg7 Rfd8 $1 27. Rdf1 {[%csl Gf1][%cal Rf3f7]} Rd7 $1 28. Nxc5 Qxc5 29. Rhg1 b4 30. cxb4 Qxb4 31. a3 Qb6 $40 {[%mdl 128] Black attacks.} 32. Rg2 Qc6 33. Qh3 Rcd8 34. Rgg1 {[#]} (34. Qg4 $17 {keeps fighting.}) 34... Qc2 (34... Rd3 $1 $19 {[%cal Rd3h3]} 35. Rg3 Rd1+ 36. Rxd1 Rxd1+ 37. Ka2 Qd5+ 38. Rb3 a5) 35. Rc1 (35. Qh5 $15) 35... Rd1 $17 36. Rgxd1 Rxd1 37. Rxd1 Qxd1+ {[%mdl 4096] Endgame KQ-KQ} 38. Ka2 Qd5+ 39. Ka1 a5 40. Qc3 e5 41. b4 axb4 ({Much weaker is} 41... Kxg7 $6 42. bxa5 Qh1+ 43. Ka2 $11) 42. axb4 Kxg7 43. Kb2 f5 44. Qg3+ {[#]} Kf7 (44... Kf8 $1 $19 {has better winning chances. Threatens to win with ...f4.} 45. Qh4 e4 46. Qf6+ Ke8 47. Qh8+ Kd7 48. Qxh7+ Kc6) 45. Qh3 Kg6 {Precision: White = 40%, Black = 52%.} ({Black should play} 45... Qd2+ $17 46. Kb3 Qd1+ 47. Ka3 Qa1+ 48. Kb3 Qb1+ 49. Ka4 Qa2+ 50. Kb5 Qd5+ 51. Kb6 Qd6+ 52. Ka5 Qd8+ 53. Ka6 Qc8+ 54. Ka5 Qd8+ 55. Ka6 Qd6+ 56. Ka5 Qd8+) 1/2-1/2

[Event "XII Americas Continental-ch 2017"]
[Site "Medellin"]
[Date "2017.06.14"]
[Round "6"]
[White "Mekhitarian, Krikor Sevag"]
[Black "Prasca Sosa, Rafael Felipe"]
[Result "1/2-1/2"]
[WhiteElo "2542"]
[BlackElo "2400"]
[Annotator "TA"]
[PlyCount "118"]
[EventDate "2017.??.??"]
[EventType "swiss"]
[EventCountry "COL"]
[SourceTitle "playchess.com"]
[Source "ChessBase"]
[SourceQuality "1"]

{[%evp 11,118,39,39,29,39,35,45,46,40,45,41,37,32,52,51,75,60,62,73,87,90,80,101,107,101,93,103,49,53,52,57,14,14,14,10,14,0,0,8,9,0,0,0,0,0,-8,-8,-4,8,8,8,16,16,8,8,8,8,8,8,8,8,8,8,8,8,8,27,25,26,26,17,14,25,8,8,8,8,0,8,8,8,8,8,8,8,8,8,8,8,8,8,8,8,8,8,8,8,8,8,0,0,0,0,0,0,0,0,0,0]} 1. e4 c5 2. Nf3 e6 3. d4 cxd4 4. Nxd4 Nc6 5. Nc3 Qc7 6. Be3 a6 7. Qf3 {B48: Sicilian: Taimanov: 5 Nc3 Qc7 6 Be3 a6 without Be2} Bd6 (7... Nf6 8. O-O-O Rb8 9. Be2 d6 10. Qg3 Nxd4 11. Bxd4 e5 12. Ba7 Ra8 13. Be3 b5 14. f4 Bb7 15. fxe5 Nxe4 16. Nxe4 Bxe4 {1-0 (42) Nepomniachtchi,I (2767)-Adhiban,B (2666) Doha 2016}) 8. O-O-O {[#] aiming for Ndb5!} Be5 $1 9. g3 {White is slightly better.} Nf6 10. Qe2 d6 11. Bg2 Nxd4 12. Bxd4 Bxd4 13. Rxd4 e5 14. Rd3 Be6 {[#]} 15. Qd2 $146 Ke7 16. Rd1 Rhd8 17. b3 Rac8 18. f4 b5 19. Kb2 (19. a3 $16) 19... b4 $14 20. Na4 a5 21. c3 (21. h3 {looks sharper.} Bd7 22. Rxd6 Bxa4 23. Rxd8 Rxd8 24. Qxd8+ Qxd8 25. Rxd8 Kxd8 26. bxa4 Kc7 27. c3) 21... Bg4 {[#]} 22. fxe5 $1 {[%mdl 512]} dxe5 23. Rxd8 Rxd8 24. Qxd8+ Qxd8 25. Rxd8 Kxd8 $11 {[%mdl 4096] Endgame KBN-KBN} 26. Nc5 bxc3+ $1 27. Kxc3 Kc7 28. Bf1 Bf3 29. Bc4 Bxe4 30. Bxf7 Bd5 31. Bxd5 Nxd5+ {KN-KN} 32. Kc4 Kc6 33. Ne6 {Hoping for Nd8+.} Ne3+ 34. Kd3 Nf1 35. Ke4 Nxh2 36. Nxg7 Ng4 37. Nf5 Kb5 38. a3 a4 39. b4 Nf2+ $1 40. Kd5 ({Not} 40. Kxe5 Ng4+ 41. Kd4 Nh2 $18) 40... Nd3 41. Nd6+ Kb6 42. g4 Ne1 $1 {The position is equal.} 43. Nc4+ (43. Kxe5 $5 {[%cal Rd6c4]} Nc2 44. Nc4+ Kb5 45. Nd6+ Kb6 46. Nc4+ Kb5 47. Nd6+ Kb6 $11) 43... Kb5 44. Nd6+ Kb6 $1 45. Ne4 {White wants to play Nc3.} Nc2 46. Nc3 Ne3+ 47. Kxe5 {Black must now prevent Nd5+.} Nxg4+ 48. Kd4 h5 {[%cal Bh7h5,Bh5h4,Bh4h3][%mdl 32]} 49. Nxa4+ Kc6 50. Nc3 h4 51. Ke4 h3 52. Kf3 Ne5+ 53. Kg3 Nc4 54. a4 Nb2 55. b5+ Kb6 56. Nd5+ Kc5 57. b6 Kc6 58. a5 Nc4 59. a6 {b7 is the strong threat.} Nxb6 {Precision: White = 72%, Black = 90%.} 1/2-1/2

[Event "XII Americas Continental-ch 2017"]
[Site "Medellin"]
[Date "2017.06.14"]
[Round "6"]
[White "Garcia Pantoja, Roberto"]
[Black "Henao, Bernardo Andres"]
[Result "1-0"]
[WhiteElo "2500"]
[BlackElo "2059"]
[Annotator "TA"]
[PlyCount "86"]
[EventDate "2017.??.??"]
[EventType "swiss"]
[EventCountry "COL"]
[SourceTitle "playchess.com"]
[Source "ChessBase"]
[SourceQuality "1"]

{[%evp 14,86,54,9,61,15,52,31,31,31,20,27,27,29,35,44,67,-3,0,0,119,119,115,119,121,122,143,156,155,152,164,151,152,131,180,174,258,174,189,174,191,193,208,210,345,338,607,597,602,602,545,612,649,593,589,560,537,492,29969,29971,29971,29971,29968,29966,29981,29982,29982,29983,29982,29983,29984,29985,29985,29986,29994]} 1. e4 e5 2. Nf3 Nf6 3. Nxe5 d6 4. Nf3 Nxe4 5. d4 d5 6. Bd3 Bd6 7. O-O O-O 8. Nc3 Re8 {C42: Petroff Defence: 3 Nxe5 and unusual White 3rd moves} ({Black should play} 8... Nxc3 $11 9. bxc3 Nc6) (8... Nxc3 9. bxc3 Nd7 10. Re1 Re8 11. Bg5 f6 12. Bh4 Rxe1+ 13. Qxe1 Nb6 14. Qe3 Qf8 15. Nd2 Bg4 16. Bg3 Bd7 17. c4 {½-½ (38) Feygin,M (2468)-Jobava,B (2698) Germany 2017}) 9. Re1 Bf5 10. Bg5 $146 ({Predecessor:} 10. Bxe4 dxe4 11. Ng5 h6 12. Ngxe4 Bxh2+ 13. Kxh2 Qh4+ 14. Kg1 Bxe4 15. Rxe4 Rxe4 16. Nxe4 Qxe4 {1-0 (37) Guntorojati,I-Pham,Q Yungtau 2000}) 10... Nxg5 {White is slightly better.} 11. Rxe8+ Qxe8 12. Nxg5 Qd7 13. Qf3 Bxd3 $1 14. Qxd3 g6 15. Re1 $40 {[%mdl 128] White has some attack.} (15. Nxd5 $14 Bxh2+ 16. Kxh2 Qxd5 17. Qh3 Qxg5 18. Qc8+ Kg7 19. Qxb7) 15... Nc6 16. Qb5 Re8 (16... Rd8 $1 $11) 17. Rxe8+ $16 Qxe8 18. Nf3 Qe6 19. Qxd5 Nb4 20. Qxb7 Nxc2 21. Qxa7 Ne1 22. Qa8+ Kg7 23. g3 Nxf3+ 24. Qxf3 Qe1+ 25. Kg2 Qd2 26. b3 Qxd4 27. Nb5 Qb6 28. Nxd6 cxd6 $18 {[%mdl 4096] Endgame KQ-KQ} (28... Qxd6 {keeps fighting.} 29. Qc3+ Kf8) 29. Qd5 h5 $2 {[#]} (29... Kf6 30. a4 Ke7) 30. h4 Kf8 31. a4 {[%cal Ba2a4,Ba4a5][%mdl 32]} Ke7 32. a5 Qa6 33. b4 {[%cal Bb3b4,Bb4b5,Bb5b6,Bb6b7][%mdl 32]} f6 34. Kg1 f5 35. Kg2 Kd7 (35... f4 $18 36. gxf4 Qc8) 36. b5 {White mates.} Qxa5 {[#]} 37. Qc6+ $1 Ke6 38. b6 Qb4 39. b7 Kf6 40. Qc8 Qe4+ 41. Kh2 Qf3 42. Qh8+ Ke6 43. Qb2 Kd5 {Precision: White = 80%, Black = 41%.} 1-0

[Event "XII Americas Continental-ch 2017"]
[Site "Medellin"]
[Date "2017.06.14"]
[Round "6"]
[White "Barrientos, Sergio E"]
[Black "Pichot, Alan"]
[Result "1-0"]
[WhiteElo "2463"]
[BlackElo "2577"]
[Annotator "TA"]
[PlyCount "183"]
[EventDate "2017.??.??"]
[EventType "swiss"]
[EventCountry "COL"]
[SourceTitle "playchess.com"]
[Source "ChessBase"]
[SourceQuality "1"]

{[%evp 21,183,3,15,-17,-6,-12,0,0,0,0,0,0,0,-22,-15,-25,-25,-47,-37,-42,-33,-12,-36,-62,-45,-45,0,0,0,0,15,-22,120,101,149,141,179,171,236,229,239,238,231,130,132,120,170,176,169,154,295,267,350,338,350,327,319,317,317,301,289,260,388,260,260,242,338,335,285,281,268,270,316,302,322,322,307,304,306,237,881,912,883,869,684,687,516,375,738,370,837,720,2242,2235,2062,1950,2251,1950,5604,700,1807,5297,5097,1037,5387,5102,5056,2646,1929,2341,2117,0,962,1380,1622,407,1733,1243,1567,1389,1552,1567,1571,1396,1400,1354,1323,1970,2105,1845,29968,29969,29969,29970,29970,29971,29971,29972,29972,29973,29973,29967,29978,29972,29977,29974,29974,29975,29976,29976,29976,29977,29978,29979,29981,29982,29982,29983,29983,29984,29984,29985,29985,29986]} 1. d4 Nf6 2. c4 e6 3. Nf3 Bb4+ 4. Nbd2 O-O 5. a3 Be7 6. e4 d5 7. e5 Nfd7 8. cxd5 exd5 9. Bd3 c5 10. O-O Nc6 11. Re1 a5 {LiveBook: 34 Games} 12. Bb5 $146 {E11: Bogo-Indian} ({Predecessor:} 12. Qc2 h6 13. b3 cxd4 14. Bb2 Nc5 15. Nxd4 Nxd4 16. Bxd4 Nxd3 17. Qxd3 Qd7 18. Be3 Ra6 19. Nf3 Rg6 20. Nd4 Qg4 {1-0 (86) Oparin,G (2625)-Lomasov,S (2450) Moscow 2017}) 12... Qb6 13. a4 cxd4 14. Nb3 $1 {The position is equal.} Nc5 15. Nfxd4 Nxb3 16. Nxb3 d4 17. Bd2 Be6 18. Qf3 Rfd8 19. Rac1 Rd5 20. Qg3 Rxb5 21. axb5 Qxb5 22. Bh6 $1 {[%csl Gh6][%cal Rg3g7]} Bf8 23. Nc5 $1 Kh8 24. Nxe6 $40 {[%mdl 128] White attacks.} fxe6 25. Bd2 d3 26. Bc3 Bc5 (26... Nd4 $1 $11) 27. Rcd1 Rf8 28. Rd2 Qc4 29. Rf1 $1 b5 (29... Rd8 $142 30. Rfd1 Rf8 31. Qxd3 Qxd3 32. Rxd3 Bxf2+ 33. Kf1 Kg8) 30. Qxd3 $18 ({Less strong is} 30. Rxd3 b4 $14) 30... Qxd3 31. Rxd3 b4 {[#]} 32. Bd2 (32. b3 $1 $18) 32... Nxe5 $16 33. Rg3 Nc4 34. Bc1 Bd4 35. b3 Nd6 (35... Na3 $16 36. Be3 e5 37. Bxd4 exd4) 36. Be3 $18 Bf6 37. Bc5 Rd8 {White should prevent ...Ne4.} 38. Rd1 Ne4 {[%cal Rd8d1]} 39. Rxd8+ Bxd8 {[%mdl 4096] Endgame KRB-KBN} 40. Rd3 {[%cal Rd3d8]} Bf6 41. Bb6 Kg8 (41... Nc3 {keeps fighting.} 42. Rd7 a4) 42. f3 Nc3 43. Bxa5 Ne2+ 44. Kf1 Nc1 45. Rd6 Nxb3 46. Bxb4 Kf7 47. Rd7+ Kg6 48. Ke2 Nd4+ 49. Kd3 Nc6 {White must now prevent ...Ne5+.} 50. Bc3 Ne5+ $2 (50... Bxc3 51. Kxc3 Kf6) 51. Bxe5 $1 Bxe5 {KR-KB} 52. g3 Kf5 53. Rf7+ Bf6 54. Ke3 Kg6 $2 (54... h5 55. Ra7 Bc3) 55. Rf8 Be7 $2 (55... Kf5 56. g4+ Kg6) 56. Rb8 Bc5+ 57. Ke4 Kf6 58. f4 Bg1 59. h3 h6 60. Rf8+ (60. g4 $142 Bf2 61. Rc8) 60... Ke7 61. Rc8 (61. Rh8 $142 Bf2 62. g4) 61... Bf2 62. g4 Bh4 63. Rc7+ Kf6 64. Rc6 Kf7 65. Ke5 Bf6+ 66. Ke4 (66. Kd6 $142 Bh4 67. Rc7+ Kf6 68. Re7) 66... Bh4 $1 67. Rc5 Bd8 68. Rc8 (68. Rc1 $142 Bh4 69. Rc7+ Kf6 70. Ra7) 68... Bh4 69. Rb8 Be1 70. Rb5 Bh4 71. Ke5 Bf6+ {[#]} 72. Kd6 $1 Be7+ 73. Kd7 Bh4 74. Re5 Bg3 75. Re4 Bh2 76. h4 {[%cal Bh3h4,Bh4h5][%mdl 32] White mates.} Bg3 77. h5 Bh2 78. Kd6 Bg3 79. Ke5 Bh4 80. Ra4 Bf6+ 81. Ke4 Bc3 82. Rc4 Bb2 83. Rc7+ Kf6 84. Rc5 Ke7 85. Rb5 Bc3 86. g5 hxg5 87. fxg5 Bd2 88. Rb7+ Kf8 89. g6 Bc3 90. Rf7+ Ke8 91. Rc7 Bf6 92. h6 {Precision: White = 71%, Black = 46%.} 1-0

[Event "XII Americas Continental-ch 2017"]
[Site "Medellin"]
[Date "2017.06.14"]
[Round "6"]
[White "Martinez Romero, Martin"]
[Black "Cordova, Emilio"]
[Result "0-1"]
[WhiteElo "2427"]
[BlackElo "2651"]
[Annotator "TA"]
[PlyCount "77"]
[EventDate "2017.??.??"]
[EventType "swiss"]
[EventCountry "COL"]
[SourceTitle "playchess.com"]
[Source "ChessBase"]
[SourceQuality "1"]

{[%evp 17,77,0,0,0,9,0,0,0,11,13,28,18,36,22,45,21,42,15,35,31,189,8,41,47,46,42,34,31,30,0,0,0,0,0,0,0,0,0,0,-11,-11,-11,-9,-1,-14,-14,6,0,0,-132,-129,-240,0,-446,-441,-535,-536,-589,-592,-29990,-29991,-29991]} 1. c4 b6 2. Nf3 Bb7 3. b3 (3. Nc3 Nf6 4. g3 e6 5. Bg2 Bb4 6. Qc2 O-O 7. O-O c5 8. a3 Bxc3 9. Qxc3 d5 10. cxd5 Nxd5 11. Qc2 Nc6 12. b3 e5 13. Bb2 Re8 14. e3 Nf6 15. d3 Qd7 16. Rfd1 Rad8 17. Rac1 h6 18. h3 Ba8 19. Bc3 {½-½ (43) Wojtaszek,R (2749)-Ponomariov,R (2709) Tallinn 2016}) 3... c5 4. Bb2 d6 5. g3 Nd7 6. Bg2 {A10: English Opening: Unusual Replies for Black} Ngf6 7. O-O g6 8. d3 $146 ({Predecessor:} 8. Nc3 Bg7 9. e3 O-O 10. d4 a6 11. a4 h6 12. d5 Ne4 13. Qc2 Nxc3 14. Bxc3 Bxc3 15. Qxc3 Qc7 16. Nd2 Nf6 17. e4 e5 18. f4 {1-0 (41) Vitouch,A (2230)-Gocheva,R (2180) Velden 2008}) 8... Bg7 9. Nbd2 O-O {LiveBook: 8 Games} 10. e4 Qc7 11. Qc2 e6 12. Rfe1 Rfd8 13. a3 Ne5 14. b4 Rac8 15. b5 Nfd7 16. Ra2 a5 17. h3 Nf8 18. Nh2 d5 $2 {[#]} (18... g5 $1 $14) 19. f4 $2 (19. exd5 $1 $18 {Hoping for f4.} exd5 20. f4 Nxd3 21. Qxd3 dxc4 22. Qxc4 Bxg2 23. Bxg7) 19... Nxd3 (19... dxc4 $5 {[%cal Re5d3]} 20. Bxe5 Bxe5 21. fxe5 cxd3 $11) 20. Qxd3 dxe4 21. Qe2 {And now Bxg7 would win.} f5 22. Bxg7 Qxg7 23. Qf2 (23. Nxe4 $5 fxe4 24. Bxe4 $11) 23... Rd3 24. Bf1 Rd6 25. Bg2 Rcd8 26. Nhf1 e5 27. fxe5 Qxe5 28. g4 Ne6 29. gxf5 gxf5 {White must now prevent ...Nf4.} 30. Nf3 $1 {[%cal Rf3e5]} Qf6 $1 31. Nh4 $1 {[%cal Rh4f5]} Nd4 32. Qf4 {Strongly threatening Rf2.} Ne6 33. Qxf5 (33. Qf2 $11 {keeps the balance.} Nd4 34. Qf4) 33... Qxh4 $17 34. Bxe4 (34. Rf2 $17 Rf8 35. Qg4+ Qxg4 36. Rxf8+ Kxf8 37. hxg4) 34... Ng5 $2 (34... Nf4 $19 35. Qxh7+ Qxh7 36. Bxh7+ Kxh7 37. Re7+ Kh8 38. Rxb7 Rg8+ 39. Kh1 Rdg6) 35. Bxb7 $2 {[%mdl 8192]} (35. Rg2 $1 $11 {and White stays safe.} Rg6 36. Bxb7 Nxh3+ 37. Kh1 Ng5+ 38. Kg1 Nh3+ 39. Kh1 Ng5+ 40. Kg1 Nh3+) 35... Nxh3+ $19 (35... Qxe1 $2 36. Rg2 $19) 36. Kh1 {[#] Bd5+ is the strong threat.} Rf6 $1 {[%cal Rf6f5]} 37. Bd5+ Kh8 38. Qe5 Nf2+ 39. Kg1 {Precision: White = 38%, Black = 48%.} 0-1

[Event "XII Americas Continental-ch 2017"]
[Site "Medellin"]
[Date "2017.06.14"]
[Round "6"]
[White "Panesso Rivera, Henry"]
[Black "Iturrizaga Bonelli, Eduardo"]
[Result "1/2-1/2"]
[WhiteElo "2421"]
[BlackElo "2663"]
[Annotator "TA"]
[PlyCount "54"]
[EventDate "2017.??.??"]
[EventType "swiss"]
[EventCountry "COL"]
[SourceTitle "playchess.com"]
[Source "ChessBase"]
[SourceQuality "1"]

{[%evp 9,54,24,31,25,77,60,72,51,62,59,59,58,53,54,58,39,73,61,76,39,64,36,45,0,0,0,0,0,0,0,6,7,24,19,27,7,44,0,23,0,58,0,24,0,54,0,27]} 1. d4 {[%cal Bd2d4,Bd4d5][%mdl 32]} Nf6 2. c4 b6 3. Nc3 Bb7 4. f3 Nc6 5. e4 e5 6. d5 {A50: Queen's Fianchetto Defence (1 d4 Nf6 2 c4 b6)} Ne7 (6... Nd4 $11 {keeps the balance.}) 7. g3 Nc8 $146 ({Predecessor:} 7... Ng6 8. Be3 c6 9. d6 Ba6 10. c5 Bxf1 11. Kxf1 bxc5 12. Bxc5 {1-0 (62) Granda Zuniga,J (2648)-Iturrizaga Bonelli,E (2658) Mexico City 2016}) 8. Be3 {White is better.} Bc5 9. Bxc5 bxc5 10. Nh3 O-O 11. Bd3 d6 12. Qe2 Qd7 13. Nf2 a5 14. a4 Ba6 15. b3 Ne7 16. Ng4 Nxg4 17. fxg4 Rab8 18. Rb1 Bc8 19. h3 c6 20. Qd2 Qd8 21. O-O Bd7 22. Kh2 Rb7 23. Qc2 Nc8 24. Qd2 Ne7 25. Qc2 (25. g5 $14) 25... Nc8 26. Qd2 Ne7 27. Qc2 (27. g5 $14) 27... Nc8 {Precision: White = 31%, Black = 34%.} 1/2-1/2

[Event "XII Americas Continental-ch 2017"]
[Site "Medellin"]
[Date "2017.06.14"]
[Round "6"]
[White "Duran Vega, Sergio"]
[Black "Peralta, Fernando"]
[Result "1/2-1/2"]
[WhiteElo "2408"]
[BlackElo "2569"]
[Annotator "TA"]
[PlyCount "48"]
[EventDate "2017.??.??"]
[EventType "swiss"]
[EventCountry "COL"]
[SourceTitle "playchess.com"]
[Source "ChessBase"]
[SourceQuality "1"]

{[%evp 13,48,0,0,7,32,34,16,32,31,10,14,10,10,11,25,32,28,18,47,21,58,41,46,41,48,38,46,38,42,43,34,42,36,39,49,49,49]} 1. d4 Nf6 2. c4 e6 3. Nf3 d5 4. g3 Bb4+ 5. Bd2 Be7 6. Bg2 O-O 7. O-O Nbd7 8. Qc2 {E11: Bogo-Indian} Ne4 (8... c6 9. Rd1 b6 10. b3 a5 11. Bc3 Ne4 12. Ne5 Nxe5 13. Bxe4 f5 14. Bxd5 exd5 15. dxe5 f4 16. cxd5 cxd5 17. Bd4 Ba6 18. Qc6 Bxe2 {½-½ (28) Ding,L (2773)-Giri,A (2785) Moscow 2017}) 9. Nc3 Nxd2 10. Nxd2 {The position is equal.} c6 11. Rad1 f5 12. e3 Rb8 $146 ({Predecessor:} 12... g6 13. a3 Rb8 14. b4 b5 15. cxb5 cxb5 {0-1 (35) Clery,N (2333)-Strugnell,C (2079) France 2003}) 13. Ne2 Bd6 14. Nf4 Qe7 15. Nd3 Nf6 16. Nf3 Bd7 17. Nfe5 {White is slightly better.} Be8 18. Rb1 Nd7 19. Nxd7 Bxd7 20. f4 a5 21. a3 b5 22. c5 Bc7 23. b4 a4 24. h4 h5 {Precision: White = 64%, Black = 52%.} 1/2-1/2